WCDMA : towards IP mobility and mobile internet

Αποθηκεύτηκε σε:
Λεπτομέρειες βιβλιογραφικής εγγραφής
Άλλοι συγγραφείς: Ojanpera, Tero (Επιμελητής έκδοσης), Prasad, Ramjee (Επιμελητής έκδοσης)
Μορφή: Βιβλίο
Γλώσσα:English
Δημοσίευση: Boston : Artech House, c2001.
Σειρά:Artech House universal personal communications series
Θέματα:
Ετικέτες: Προσθήκη ετικέτας
Δεν υπάρχουν, Καταχωρήστε ετικέτα πρώτοι!

MARC

LEADER 00000cam a2200000 i 4500
001 1/30395
008 030109s2001####us | ||| |||| ||eng||
020 |a 1580531806 
035 |l 10068972 
040 |a GR-MyUA  |b gre  |e AACR2 
041 0 |a eng 
082 0 |a 621.3845  
245 1 0 |a WCDMA :   |b towards IP mobility and mobile internet /   |c Tero Ojanpera, Ramjee Prasad, editors.  
260 |a Boston :   |b Artech House,   |c c2001.  
300 |a xxii, 477 σ. :   |b εικ. ;   |c 24 εκ.  
490 1 |a (Artech House universal personal communications series)  
504 |a Περιέχει βιβλιογραφικές αναφορές και ευρετήριο.  
650 0 0 |a Code division multiple access. 
650 0 0 |a Wireless communication systems  |x Standards. 
650 0 0 |a Mobile communication systems  |x Standards. 
700 1 |a Ojanpera, Tero,  |e edt 
700 1 |a Prasad, Ramjee,  |e edt 
830 0 |a Artech House universal personal communications series 
852 |a INST  |b SAMOS  |e 20030109  |h 621.3845 WCD  |p 005300024279  |q 005300024279  |t BK  |y 0 
901 |a BIBL3-2003-1 
909 |a Σ  |b 087770 
922 |a 3ΕΛΗ  |b 200002  |c ΤΠΕΣ/ΠΟΛ  |d LEADER 
970 |a ΠΟΥΡΝΑΡΑΣ  |b ΔΗΜΗΤΡΗΣ  |z 2003/01/09